000 00319nam a22001457a 4500
005 20160620141250.0
008 160620b xxu||||| |||| 00| 0 eng d
020 _a0-19-567348-4
041 _aeng
082 _b8554
245 _aAdvanced learners Dictionary
260 _bOxford
_c2010
300 _a734
942 _cBK
999 _c3281
_d3280